000 01161cab a2200241 4500
001 L136222
008 070118n2007 000 0 eng u
035 _a(Sirsi) u136222
041 0 _aeng
050 0 4 _a630.026 $2 18
110 1 _aUnited Kingdom
_bDepartment for Environment, Food and Rural Affairs
245 0 0 _aAgricultural Land Tribunals (Rules) Order consultation
260 _aLondon
_bDEFRA
_c2007
520 _aLinks to the consultation letter, list of consultees, consultation document, draft SI and partial regulatory impact assessment for the proposed revisions to the Agricultural Land Tribunals (Rules) Order for England and Wales.
590 _aKA
650 2 4 _aAGRICULTURAL LAND TRIBUNALS (RULES) ORDER 1978
650 2 4 _aDRAFT AGRICULTURAL LAND TRIBUNALS (RULES) ORDER 2006
650 2 4 _aAGRICULTURAL LAND TRIBUNAL (SUCCESSION TO AGRICULTURAL TENANCIES) ORDER 1984
651 4 _aEngland and Wales
_y1543-
690 _aPROPERTY-LANDLORD AND TENANT-AGRICULTURAL TENANCIES
856 4 0 _uhttps://www.defra.gov.uk/corporate/consult/alt-order/index.htm
_zView the Consulation papers free of charge at www.defra.gov.uk...
942 _n0
999 _c106340
_d106340